000 00324nam a2200133 i 4500
001 bg
100 1 _aRADZIKOWSKI, Władysław
245 0 _aMetody informatyczne... /
_cWładysław Radzikowski.
260 _aWarszawa,
_c1978.
040 _cBPK
041 _apol
942 _cKS
008 s pl f |000 0 pol
999 _c18438
_d18438
856 _uhttp://koha.tu.koszalin.pl/cgi-bin/koha/opac-detail.pl?biblionumber=18438
_yKatalog online BPK